| 000 | 00650nam a22001817a 4500 | ||
|---|---|---|---|
| 005 | 20251127114901.0 | ||
| 008 | 251121b |||||||| |||| 00| 0 eng d | ||
| 020 | _a978-81-962763-2-4 | ||
| 041 | _aeng | ||
| 082 | _a615.19 KAD-F | ||
| 100 |
_aKADAM, ROHINI 2-UKE, ASHISH 3- LUHARIA, ANURAG. 4- DESHMUKH, GAURAV MISHRA. 5-LUHARIA, MONIKA _98770 |
||
| 245 | _aFUNDAMENTALS PF MEDICINAL CHEMISTRY - FOR THE STUDENTS OF MEDICINAL CHEMISTRY, PHARMACEUTICAL SCIENCES, PHARMACOLOGY AND BIOCHEMISTRY | ||
| 250 | _a1ST ED, 2023, | ||
| 260 |
_aNEW DELHI _bINNOVATIVE PUBLICATION _c2024 |
||
| 300 | _a417'P | ||
| 650 |
_aPHARMACY _xB.PHARMA |
||
| 942 | _cBK | ||
| 999 |
_c8945 _d8943 |
||